Some topics in probability and analysis

Αποθηκεύτηκε σε:
Λεπτομέρειες βιβλιογραφικής εγγραφής
Κύριος συγγραφέας: Gundy, Richard. F.
Μορφή: Βιβλίο
Γλώσσα:English
Δημοσίευση: Providence, R.I. : Published for the Conference Board of the Mathematical Sciences by the American Mathematical Society, c1989
Σειρά:Regional conference series in mathematics ; ; 70
Θέματα:
Ετικέτες: Προσθήκη ετικέτας
Δεν υπάρχουν, Καταχωρήστε ετικέτα πρώτοι!

MARC

LEADER 00000cam a2200000 i 4500
001 1/44350
008 941103s1989 eng d
020 |a 0821807218 
035 |l 10042259 
035 |a 1993 
040 |a GR-MY-UA  |b gre  |e aacr 
041 0 |a eng 
082 0 |a 512.97 
100 1 |a Gundy, Richard. F. 
245 1 0 |a Some topics in probability and analysis /  |c Richard F. Gundy 
260 |a Providence, R.I. :   |b Published for the Conference Board of the Mathematical Sciences by the American Mathematical Society,   |c c1989 
300 |a v, 49 p.;  |c 26 cm 
490 1 |a Regional conference series in mathematics  |v ; 70 
500 |a "Lectures given at DePaul University, Chicago, Illinois, July 14-18, 1986"--T.p. verso 
504 |a Bibliography: p. 47-49 
650 0 0 |a Inequalities (Mathematics) 
650 0 0 |a Harmonic functions. 
830 0 |a Regional conference series in mathematics ;  |v ; 70 
852 |a INST  |b SAMOS  |e 19941103  |h 512.97 GUN  |p 005300007467  |q 005300007467  |t BK  |y 0 
909 |a Σ  |b 030466